[Event "Zirndorf Cup"]
[Site "Zirndorf"]
[Date "2017.08.31"]
[Round "3"]
[White "Koppen, Harald"]
[Black "Mock, Gabriel"]
[Result "1-0"]
[WhiteElo "1891"]
[BlackElo "1472"]
[PlyCount "89"]
[EventDate "2017.08.30"]
[EventType "swiss"]
[EventRounds "7"]
[EventCountry "GER"]
[SourceTitle "CBM 180 Extra"]
[Source "ChessBase"]
[SourceDate "2017.10.06"]
[SourceVersion "1"]
[SourceVersionDate "2017.10.06"]
[SourceQuality "1"]

1. e4 c5 2. Nf3 e6 3. d4 cxd4 4. Nxd4 a6 5. Bd3 Nf6 6. Nc3 Qc7 7. f4 Bb4 8. Bd2 d6 9. Qf3 Nbd7 10. g4 h6 11. 0-0-0 b5 12. h4 h5 13. gxh5 Bb7 14. Rhg1 Bc5 15. Be3 Qb6 16. Nce2 Nxh5 17. Rg5 g6 18. Bg1 Nhf6 19. Qh3 0-0-0 20. f5 e5 21. Nb3 Nxe4 22. Bxe4 Bxe4 23. Nxc5 dxc5 24. fxg6 fxg6 25. Bf2 Bf5 26. Qe3 Rhe8 27. Nc3 Re6 28. Rd5 Rd6 29. Rg1 Rxd5 30. Nxd5 Qe6 31. Rd1 Kb7 32. Qg5 Rc8 33. Qe7 Qxe7 34. Nxe7 Rc7 35. Bg3 Nf6 36. Nxf5 gxf5 37. Bxe5 Rc6 38. Rf1 Ng4 39. Rxf5 Nxe5 40. Rxe5 c4 41. Kd2 Kc7 42. h5 Rf6 43. Ke2 Kd6 44. Rg5 Ke6 45. Rg6 1-0

[Event "Zirndorf Cup"]
[Site "Zirndorf"]
[Date "2017.08.31"]
[Round "2"]
[White "Linsenmeyer, Mario"]
[Black "Koppen, Harald"]
[Result "1-0"]
[WhiteElo "2105"]
[BlackElo "1891"]
[PlyCount "125"]
[EventDate "2017.08.30"]
[EventType "swiss"]
[EventRounds "7"]
[EventCountry "GER"]
[SourceTitle "CBM 180 Extra"]
[Source "ChessBase"]
[SourceDate "2017.10.06"]
[SourceVersion "1"]
[SourceVersionDate "2017.10.06"]
[SourceQuality "1"]

1. d4 Nf6 2. c4 e6 3. Nf3 c5 4. e3 d5 5. Nc3 Nc6 6. Be2 Be7 7. 0-0 0-0 8. b3 b6 9. Bb2 Bb7 10. Rc1 Rc8 11. Re1 Re8 12. Bf1 Bf8 13. Qd3 Nb4 14. Qd1 Nc6 15. Ne2 cxd4 16. Nexd4 Bb4 17. Re2 dxc4 18. bxc4 Qe7 19. Rec2 Ne4 20. Nb5 a6 21. Nc3 Na5 22. Nd4 Red8 23. Qg4 Nf6 24. Qh4 Nxc4 25. Nf5 exf5 26. Bxc4 Ne4 27. Qxe7 Bxe7 28. Nxe4 fxe4 29. Kf1 b5 30. Bb3 Kf8 31. Rc7 Rxc7 32. Rxc7 Bd5 33. Bxg7+ Kxg7 34. Rxe7 Bxb3 35. axb3 Rd3 36. b4 Kf6 37. Rxe4 Ra3 38. Ke2 a5 39. bxa5 Rxa5 40. Kf3 Ra4 41. g3 Kf5 42. g4+ Kf6 43. Re8 Rb4 44. h4 Rb1 45. Rb8 b4 46. g5+ Kg7 47. Kg4 h6 48. f4 b3 49. Kf5 hxg5 50. hxg5 b2 51. e4 Kh7 52. Rb7 Kg8 53. e5 Kh8 54. e6 Ra1 55. e7 b1Q+ 56. Rxb1 Rxb1 57. e8Q+ Kg7 58. Qe5+ Kg8 59. Qd5 Kg7 60. Qd4+ Kg8 61. Kf6 Rb8 62. g6 fxg6 63. Kxg6 1-0